[Event "PHI-ch (Women)"]
[Site "Malolos City"]
[Date "2024.03.20"]
[Round "6"]
[White "Ramos, April Joy"]
[Black "Sebastian, Mhage Gerriahlou"]
[Result "0-1"]
[WhiteElo "1752"]
[BlackElo "1839"]
[PlyCount "106"]
[EventDate "2024.03.17"]
[EventType "tourn"]
[EventRounds "11"]
[EventCountry "PHI"]
[SourceTitle "CB13_2024"]
[SourceDate "2024.03.27"]
[SourceVersion "1"]
[SourceVersionDate "2024.03.27"]
[SourceQuality "1"]

1. d4 g6 2. Nf3 Bg7 3. c3 d6 4. Bf4 Nd7 5. e3 e5 6. Bg3 Nh6 7. h3 0-0 8. Bc4 Kh8 9. 0-0 Qe7 10. Na3 a6 11. Re1 e4 12. Nd2 f5 13. Nc2 Nf6 14. Bh4 c6 15. a4 Be6 16. Bxe6 Qxe6 17. f4 exf3 18. Qxf3 Ne4 19. Qe2 Rae8 20. Rf1 Nf7 21. Nxe4 Qxe4 22. Bg3 Bh6 23. Rae1 Re7 24. Qf2 Rfe8 25. Bf4 Bg7 26. a5 Qd5 27. Ra1 Bf6 28. Qd2 Ng5 29. Qd3 Ne4 30. c4 Qf7 31. Rae1 Bh4 32. Rd1 Bg3 33. b4 Bxf4 34. Rxf4 d5 35. c5 Ng5 36. Rdf1 h5 37. Kh2 Re6 38. Qd2 Qc7 39. Kg1 Kg7 40. Qd3 Re4 41. Qd2 R4e7 42. Qf2 Ne4 43. Qe1 Rf7 44. g3 Ref8 45. Kg2 g5 46. R4f3 Kg6 47. Rg1 f4 48. exf4 gxf4 49. gxf4 Rxf4 50. Rgf1 Rxf3 51. Rxf3 Rxf3 52. Kxf3 Qh2 53. Ne3 Ng5# 0-1